Teora̕s contemporǹeas de la organizacin̤ y del management

Bibliographic Details
Main Author: Murillo Vargas, Guillermo
Format: eBook
Language:Spanish
Published: Bogot:̀ ECOE, 2007
Subjects:
Online Access:Acceso restringido

MARC

LEADER 00000nam a22000007a 4500
005 20220210232239.0
007 cr|||| ||||
008 220210s2007 co |||||s|||| 00||0 spa d
020 |a 9789586484513 
035 |a 35889 
040 |a vLex 
090 |c 12950  |d 12950 
100 1 |a Murillo Vargas, Guillermo 
245 1 0 |a Teora̕s contemporǹeas de la organizacin̤ y del management  |h [Recurso electrn̤ico] /  |c Guillermo Murillo Vargas 
256 |a Servicio en ln̕ea 
260 |a Bogot:̀  |b ECOE,  |c 2007 
300 |a 1 recurso electrn̤ico 
506 1 |a Disponible solo en los productos indicados  |d vLex Global  |d vLex Global (Academic Edition, excluding Law Schools)  |d vLex Global (U.S. Academic Edition, Law Schools)  |d vLex Global (U.S. Academic Edition, excluding Law Schools)  |d vLex Global (Academic Edition, Law Schools) 
650 0 4 |a Derecho Mercantil y de la Empresa  |z Colombia 
740 0 |a vLex Libros (Servicio en ln̕ea) 
856 4 0 |u https://app.vlex.com/#/sources/35889  |z Acceso restringido 
942 |c BOOK 
999 0 |a Commercial and Company Law